[Event "Niedersachsen-ch op-A"]
[Site "Verden"]
[Date "2014.01.02"]
[Round "2"]
[White "Nuerenberg, Marius"]
[Black "Roehrkasten, Reinhard"]
[Result "1/2-1/2"]
[WhiteElo "1596"]
[BlackElo "1945"]
[PlyCount "56"]
[EventDate "2014.01.02"]
[EventType "swiss"]
[EventRounds "7"]
[EventCountry "GER"]
[SourceTitle "EXT 2016"]
[Source "ChessBase"]
[SourceDate "2015.10.08"]
[SourceVersion "1"]
[SourceVersionDate "2015.10.08"]
[SourceQuality "1"]

1. e4 c6 2. d4 d5 3. e5 Bf5 4. Nf3 e6 5. Be2 Nd7 6. 0-0 Ne7 7. Nh4 Bg6 8. c3 c5 9. Be3 cxd4 10. cxd4 Nc6 11. Nxg6 hxg6 12. Nc3 Rc8 13. Qd2 a6 14. Rac1 Be7 15. Rfd1 0-0 16. g3 b5 17. Bd3 Nb6 18. b3 Na7 19. Ra1 Bb4 20. Rac1 Nd7 21. Qb2 Qa5 22. Nb1 Qb6 23. a3 Be7 24. b4 Qb7 25. Nd2 Nb6 26. Nb3 Nc4 27. Qa2 Qb6 28. Nc5 Rfd8 1/2-1/2

[Event "Niedersachsen-ch U16"]
[Site "Rotenburg"]
[Date "2013.03.29"]
[Round "9"]
[White "Finke, Maurice"]
[Black "Nuerenberg, Marius"]
[Result "1/2-1/2"]
[WhiteElo "1975"]
[BlackElo "1616"]
[PlyCount "62"]
[EventDate "2013.03.23"]
[EventType "swiss"]
[EventRounds "9"]
[EventCountry "GER"]
[SourceTitle "EXT 2015"]
[Source "ChessBase"]
[SourceDate "2014.11.20"]
[SourceVersion "1"]
[SourceVersionDate "2014.11.20"]
[SourceQuality "1"]

1. d4 Nf6 2. c4 e6 3. Nc3 Bb4 4. Nf3 0-0 5. Bg5 h6 6. Bh4 c5 7. e3 b6 8. Be2 d6 9. 0-0 Bxc3 10. bxc3 Bb7 11. d5 e5 12. a4 Nbd7 13. Qc2 Qe7 14. a5 Rfb8 15. axb6 Nxb6 16. Nd2 Bc8 17. Ne4 g5 18. Nxf6+ Qxf6 19. Bg3 Bf5 20. Bd3 Bxd3 21. Qxd3 Re8 22. e4 a5 23. Rfb1 Reb8 24. Rb5 Qd8 25. Rbxa5 Rxa5 26. Rxa5 Nxc4 27. Ra1 Nb6 28. h3 Nd7 29. f3 Kg7 30. c4 Ra8 31. Rb1 Rb8 1/2-1/2